000 00525nam a2200157Ia 4500
008 210716s2001 xx 000 0 und d
020 _a9788178291079
041 _aeng
082 _a658.404 LAFF
100 _aLafasto, Frank; Larson, Carl.
245 _aWhen teams work best: 6000 team members and leaders tell what it takes to succeed.
_b6000 team members and leaders tell what it takes to succeed.
250 _a1
260 _aNew Delhi
_bSage Publications
_c2001
300 _axxvi,221
650 _aProject Management
999 _c211357
_d211357